|
|
|
|
| LEADER |
01066pam a22002778a 4500 |
| 001 |
00022139 |
| 005 |
20171026081023.0 |
| 008 |
110528s1980 ||||||Viesd |
| 041 |
0 |
# |
|a Vie
|
| 082 |
1 |
# |
|a 370.15
|b NH556C
|
| 100 |
0 |
# |
|a Cruchetxki,V.A.
|
| 245 |
0 |
0 |
|a Những cơ sở của tâm lý học sư phạm
|c V.A. Cruchetxki; Trần Thị Lụa, Trần Trọng Thủy, Bùi Văn Huệ dịch
|n T.1
|
| 260 |
# |
# |
|c 1980
|a H.
|b Giáo Dục
|
| 300 |
# |
# |
|a 138 tr.
|c 21 cm.
|
| 650 |
|
|
|a Sư phạm
|
| 650 |
|
|
|a Tâm lý học
|
| 653 |
# |
# |
|a Cơ sở
|
| 700 |
0 |
# |
|a Bùi Văn Huệ
|e Dịch
|
| 700 |
0 |
# |
|a Trần Thị Lụa
|e Dịch
|
| 700 |
0 |
# |
|a Trần Trọng Thủy
|e Dịch
|
| 852 |
# |
# |
|b Kho giáo trình
|j KGT.0017244, KGT.0017245, KGT.0017246, KGT.0017247
|
| 852 |
# |
# |
|b Kho mượn
|j KGT.0017244
|
| 852 |
# |
# |
|b Kho đọc
|j KD.0008910
|
| 852 |
# |
# |
|j KD.0008910
|j KGT.0017244
|j KGT.0017246
|j KGT.0017247
|j KGT.0017245
|
| 910 |
# |
# |
|a kìm
|d 28/05/2011
|
| 980 |
# |
# |
|a Trung tâm Học liệu Lê Vũ Hùng, Trường Đại học Đồng Tháp
|